000 00356nam a22001457a 4500
008 210303b ||||| |||| 00| 0 eng d
020 _a9781119320616
041 _aeng
080 _27th
_a336
082 _a336
100 _a56
101 _aFIN
245 _aFinancial Accounting Tools for Bussines Decision-Making
_cKimmel, Weygandt
942 _2udc
_cBK
999 _c55623
_d55623